Statistiken für Hawaii Five-0 Charaktere

Klicken Sie hier um das Quiz zu spielen!

Allgemein

  • Dieses Quiz wurde 119 mal gespielt
  • Das Durchschnittsergebnis liegt bei 17 aus 29

Antwortstatistiken

AntwortStaffel (Hauptrolle)Staffel (Nebenrolle)% Korrekt
Five-O TaskforceLt. Commander Steven McGarrett1–10
95%
Five-O TaskforceDetective Sergeant Daniel Williams1–10
89%
Five-O TaskforceOfficer Kona Kalakaua1–7
89%
Five-O TaskforceDetective Lieutenant Chin Ho Kelly 1–7
85%
GerichtsmedizinerDr. Max Bergman 2–7 1, 10
82%
Yakuza Chef,
später Five-O Taskforce
Adam Noshimuri 8–10 2–7
80%
Navy-OffizierinLt. Catherine Rollins3–4 1–2, 5–10
77%
Five-O TaskforceCaptain Lou Grover 4–10 4
74%
TochterGrace Williams1-7, 9
74%
Shrimp VerkäuferKamekona Tupuola 8–10 1–7
74%
Navy Seal AusbilderJoe White2-5, 8-9
72%
KriminellerWo Fat1-5, 9-10
69%
Ex-FrauRachel Edwards1-2, 5, 7-9
66%
Five-O TaskforceOfficer Junior Reigns 8–10
63%
MutterDoris McGarrett3, 7, 10
62%
Five-O TaskforceJerry Ortega 5–10 4
57%
HPDSergeant Duke Lukela 8–10 1–7
57%
Five-O TaskforceOfficer Tani Rey 8–10
54%
SohnCharlie Williams5-10
49%
KriminaltechnikerDr. Che Fong1-5
49%
verstorbene FrauDr. Malia Kelly1-4
43%
KriminellerSang Min1-3, 5-7
43%
GerichtsmedizinerinDr. Noelani Cunha 8–10 7
38%
KriminellerGabriel Waincroft4-6
37%
GouverneurinGouverneurin Patricia Jameson1
35%
verdeckte ErmittlerinInspector Abby Dunn6-7
34%
CIA- AnalystinJenna Kaye1-2, 5
34%
Five-O TaskforceSpecial Agent Lori Weston 2 2
32%
Five-O TaskforceSergeant Quinn Liu 10
25%

Verteilung der Resultate

Perzentil nach korrekt beantworteten Fragen

Anzahl Personen mit jedem Resultat

Ihre Resultats-Entwicklung

Sie haben dieses Quiz noch nicht gespielt